Terraria Calamity Bosses by Song Names - Statistics

General Stats
  • This quiz has been taken 118 times
  • The average score is 20 of 27
Answer Stats
Hint Answer % Correct
Guardian of the Former Seas Desert Scourge
93%
Filthy Mind Hive Mind
91%
1NF3$+@+!0N Crabulon
89%
Return to Sime Slime God
89%
Raw, Unfiltered Calamity Calamitas Clone
86%
Antarctic Reinforcement Cryogen
85%
Blood Coagulant Perforators
81%
Forbidden Lullaby Leviathan
79%
Outcast of the Sulphurous Seas Aquatic Scourge
78%
Scourge of the Universe + Universal Collapse Devourer of Gods
78%
Siren's Warcry Anahita
77%
Infernal Catharsis + Roar of the Jungle Dragon Yharon
77%
Pest of the Cosmos Astrum Deus
70%
Interstellar Stomper Astrum Aureus
69%
Fly of Beelzebub Plaguebringer Goliath
69%
Inferior Fabrications Exo Mechs
68%
Unholy Insurgency Providence, the Profaned Goddess
68%
Servants of the Scourge (Type W) Storm Weaver
65%
Left Alone Brimstone Elemental
64%
Servants of the Scourge (Type V) Ceaseless Void
63%
Murderswarm Dragonfolly
63%
Toxic Wisdom Old Duke
63%
Servants of the Scourge (Type S) Signus, Envoy of the Devourer
63%
Unholy Ambush Profaned Guardians
62%
Open Frenzy Ravager
60%
Brutal, Stained Calamity Supreme Witch Calamitas
58%
Feral Amalgamation Polterghast
57%
No matching quizzes found
Score Distribution
Percent of People with Each Score
Percentile by Number Answered
Your Score History
You have not taken this quiz